000 00756cam a2200277Ia 4500
999 _c47105
_d47105
001 975133
003 SIRSI
005 20190708091514.0
008 790925s1941 nyu b 000 0 eng
010 _a 41015290
035 _a(Sirsi) o00975133
035 _a(Sirsi) 01-AAG-4939
036 _au64728
040 _aDLC
_cDLC
_dTSW
100 1 _aScott, Ernest Findlay,
_d1868-1954.
245 1 4 _aThe nature of the early church /
_cby Ernest F. Scott.
260 _aNew York :
_bC. Scribner's sons,
_cc1941.
300 _avii, 245 p. ;
_c21 cm.
336 _atext
337 _aunmediated
338 _avolume
504 _aIncludes bibliographical references.
650 0 _aChurch.
650 0 _aChurch
_xBiblical teaching.
942 _2lcc
_cBK